000 00705cam a2200265Ii 4500
001 4714994
003 ARRUPE
005 20160804084705.0
008 760202s1974 enk 001 0beng d
020 _a0334017068
035 _a(OCoLC)ocm01962261
035 _a(NNC)4714994
040 _aBPS
_cBPS
_dUKM
098 _aHA16
100 1 _aGibbard, Mark.
_915325
245 1 0 _aTwentieth-century men of prayer /
_cMark Gibbard.
260 _aLondon :
_bSCM Press,
_c1974.
300 _avii, 120 p. ;
_c19 cm.
500 _aIncludes index.
504 _aBibliography: p. 115-119.
650 0 _aChristian biography.
_911106
650 0 _aPrayer
_924587
942 _2lcc
_cMONOGRAPH
999 _c122110
_d122110